000 00664nam a2200181Ia 4500
008 151202s9999||||xx |||||||||||||| ||und||
082 _bPNVM-66631
100 _aसहस्त्रबुद्धे सुधाकर.
245 _aभाग्य भरारी.
260 _b"नवचैतन्य प्रकाशन,बोरोवली."
260 _c2009
300 _a176
600 _aसहस्त्रबुद्धे सुधाकर.
630 _aभाग्य भरारी.
700 _aसहस्त्रबुद्धे सुधाकर.
730 _aभाग्य भरारी.
942 _cBOOK
999 _c1333163
_d1333160